Vstup Slovenskej republiky do EMÚ a jeho vplyv na úroveň priamych zahraničných investícií

PZI vplývajú na rozvoj slovenskej ekonomiky. Sú bezpochyby činiteľom dokonale ovplyvňujúcim hospodársky vývoj našej ekonomiky. Vývoj úrovne priamych zahraničných investícií do roku 2009. Slovenská agentúra pre rozvoj investícií a obchodu a jej činnosť. Zoznam investičných projektov v SR. Ukončené pr...

Full description

Saved in:
Bibliographic Details
Main Author: Vidová, Jarmila, 1967-
Format: Book Chapter
Language:Slovak
Subjects:
Tags: Add Tag
No Tags, Be the first to tag this record!

MARC

LEADER 00000nla$a2200000$$$4500
001 0120774
005 20240502072351.8
041 0 |a slo 
044 |a SK 
245 1 0 |a Vstup Slovenskej republiky do EMÚ a jeho vplyv na úroveň priamych zahraničných investícií  |c Jarmila Vidová 
520 |a PZI vplývajú na rozvoj slovenskej ekonomiky. Sú bezpochyby činiteľom dokonale ovplyvňujúcim hospodársky vývoj našej ekonomiky. Vývoj úrovne priamych zahraničných investícií do roku 2009. Slovenská agentúra pre rozvoj investícií a obchodu a jej činnosť. Zoznam investičných projektov v SR. Ukončené projekty za roky 2002-2009 podľa regiónu. 
610 2 0 |a investície priame zahraničné 
610 2 0 |a inovácia 
610 2 0 |a ekonomika vedomostná 
610 2 0 |a Slovensko 
100 1 |a Vidová, Jarmila, 1967-